000 00625nam a22001937a 4500
005 20251108165934.0
008 250721s1998 xx 000 0 ara d
082 1 4 _a630/وزا
100 1 _aوزان، صلاح
245 1 0 _aتنمية الزراعة العربية الواقع الممكن /
264 1 _aبيروت :
_bمركز دراسات الوحدة العربية،
_c1998.
300 _a524ص
650 1 7 _aالإستثمار الزراعي
650 1 7 _aالموارد المائية
650 1 7 _aالتنمية الزراعية
650 1 7 _aموارد الأرض
942 _2ddc
_cBK
999 _c35369
_d35369